Mawaqi al-athar al-Misriayh al-Qadimah /

محفوظ في:

المؤلف الرئيسي: Nūr al-Dīn, ʻAbd al-Ḥalīm.

التنسيق: كتاب

اللغة: Arabic

منشور في: al-Qāhirah, 2010.

الطبعة: al-Tạbʻah 8.

الموضوعات:

الوسوم: إضافة وسم

لا توجد وسوم, كن أول من يضع وسما على هذه التسجيلة!

رقم الطلب: DT60 .N86 2010 v.1

LEADER 00595nam a2200205Ia 4500
003 OSt
005 20241104130449.0
008 231106s2010 ua 000 0 ara d
999 |c 54941  |d 54941 
040 |c ARCE Library 
050 4 |a DT60 .N86 2010 v.1 
100 1 |a Nūr al-Dīn, ʻAbd al-Ḥalīm. 
245 1 0 |a Mawaqi al-athar al-Misriayh al-Qadimah /   |c ʻAbd al-Hạlīm Nūr al-Dīn. 
250 |a al-Tạbʻah 8. 
264 1 |a al-Qāhirah,   |c 2010. 
300 |a v. <1> ;   |c 24 cm. 
505 1 |a al-juz 1. Mawaqi Misr al-sufla. 
651 0 |a Egypt -- Antiquities. 
901 |a reviewed 
942 |2 lcc  |c BK